| 000 | 00744nam a22002297a 4500 | ||
|---|---|---|---|
| 003 | DO-SdBNP | ||
| 005 | 20230418130908.0 | ||
| 007 | ta | ||
| 008 | 210301b2015 dr ac|| rc||| 00| 0cspa d | ||
| 040 |
_aDO-SdBNP _bspa _cBNPHU |
||
| 041 | _hspa | ||
| 082 | 4 |
_bM684s _222 |
|
| 245 |
_aMítico Sur : _b10 artistas sanjuaneros. |
||
| 260 |
_aSanto Domingo : _bCentro Cultural BANRESERVAS , _bAyuntamiento de San Juan de la Maguana , _c[2015] |
||
| 300 |
_a[14 pg.] : _bil., fotos ; _c27 cm |
||
| 490 | 0 | _aValores de las provincias. | |
| 500 | _aDedicada a la maestra Ada Balcácer. | ||
| 500 | _aExposición artística realizada el 26 de agosto 2015. | ||
| 590 | _aInventariado, 2023/BT | ||
| 710 | 2 |
_aBanco de Reservas _977966 |
|
| 942 |
_2ddc _cLF2 |
||
| 999 |
_c49469 _d49469 |
||